Loading...
Systematic approaches to a successful literature review
| Main Author: | |
|---|---|
| Format: | Printed Book |
| Published: |
London
SAGE
2012
|
| Subjects: |
| LEADER | 00476nam a22001337a 4500 | ||
|---|---|---|---|
| 020 | |a 9780857021359 | ||
| 082 | |a 001.4 |b BOO.S | ||
| 100 | |a ANDREW BOOTH | ||
| 245 | |a Systematic approaches to a successful literature review | ||
| 260 | |a London |b SAGE |c 2012 | ||
| 650 | |a Research Methodology |a Literature Review |a Research | ||
| 942 | |c BK | ||
| 999 | |c 2 |d 2 | ||
| 952 | |0 0 |1 0 |4 0 |6 001_400000000000000_BOO_S |7 0 |8 NFIC |9 1 |a CAMPUS |b CAMPUS |c STAFF |d 2014-11-12 |l 0 |o 001.4 BOO.S |p 17004 |r 2014-11-12 |w 2014-11-12 |y BK | ||